000 00530nam a2200217Ia 4500
003 OSt
005 20220924134346.0
006 a|||||r|||| 00| 0
007 ta
008 220923b |||||||| |||| 00| 0 snd d
024 _a273740
037 _cTextual
040 _aARTS
_cARTS
_bsnd
041 _2snd
_asnd
082 _aO14593,3N15,TH, L3
100 _aJaisinghni
_9208436
245 0 _aThokar
260 _c1973
942 _hO14593,3N15,TH, L3
_cTEXL
_2CC
999 _c437211
_d437211